[Event "Medellin Raza op"]
[Site "Medellin"]
[Date "2021.10.10"]
[Round "8"]
[White "Cordoba Roa, Angel Gabriel"]
[Black "Gonzalez Ramirez, Mauricio"]
[Result "1/2-1/2"]
[WhiteElo "2009"]
[BlackElo "2144"]
[PlyCount "26"]
[EventDate "2021.10.06"]
[EventType "swiss"]
[EventRounds "9"]
[EventCountry "COL"]
[SourceTitle "EXT 2023"]
[Source "ChessBase"]
[SourceDate "2022.10.05"]
[SourceVersion "1"]
[SourceVersionDate "2022.10.05"]
[SourceQuality "1"]

1. e4 e6 2. d4 d5 3. Nc3 Bb4 4. e5 c5 5. a3 Bxc3+ 6. bxc3 Ne7 7. Qg4 0-0 8. Bd3 f5 9. exf6 Rxf6 10. Bg5 Rf7 11. Qh5 g6 12. Qd1 c4 13. Be2 Qa5 1/2-1/2

[Event "Medellin Raza op"]
[Site "Medellin"]
[Date "2021.10.07"]
[Round "3"]
[White "Arenas Vanegas, David"]
[Black "Gonzalez Ramirez, Mauricio"]
[Result "1-0"]
[WhiteElo "2457"]
[BlackElo "2144"]
[PlyCount "129"]
[EventDate "2021.10.06"]
[EventType "swiss"]
[EventRounds "9"]
[EventCountry "COL"]
[SourceTitle "EXT 2023"]
[Source "ChessBase"]
[SourceDate "2022.10.05"]
[SourceVersion "1"]
[SourceVersionDate "2022.10.05"]
[SourceQuality "1"]

1. c4 e6 2. g3 d5 3. Bg2 Nf6 4. Nf3 Be7 5. 0-0 0-0 6. b3 b6 7. Bb2 Bb7 8. cxd5 Nxd5 9. d4 Nd7 10. Nbd2 c5 11. e3 N5f6 12. Qe2 Rc8 13. Rac1 Qc7 14. dxc5 bxc5 15. Nc4 Qb8 16. Nfe5 Rfd8 17. Rfd1 Bxg2 18. Kxg2 Nxe5 19. Bxe5 Qb7+ 20. Qf3 Ne4 21. Nd2 Nd6 22. Bxd6 Qxf3+ 23. Nxf3 Rxd6 24. Rxd6 Bxd6 25. Rd1 Rd8 26. Ne5 Bc7 27. Rxd8+ Bxd8 28. Nd7 Be7 29. Kf3 f6 30. Ke4 Kf7 31. Nb8 Bd6 32. Nc6 a6 33. Kd3 Ke8 34. Na5 Kd7 35. f4 Bc7 36. Nc4 Kc6 37. a4 Bd6 38. e4 Bc7 39. Ne3 Bd6 40. f5 exf5 41. Nxf5 g6 42. Ne3 Kd7 43. Nc4 Bc7 44. Ke3 Ke6 45. Nb2 Be5 46. Nd3 Bd6 47. Kf3 f5 48. h3 Be7 49. g4 Bd6 50. gxf5+ gxf5 51. Nb2 Be7 52. Nc4 fxe4+ 53. Kxe4 Bf8 54. Ne3 Bd6 55. Kd3 Ke5 56. Kc4 Kf4 57. Nd5+ Ke5 58. Nb6 Ke6 59. a5 h5 60. Na4 h4 61. Nxc5+ Ke5 62. Nxa6 Kf4 63. Nc5 Bb8 64. Nd7 Ba7 65. b4 1-0